Trusting Ourselves (Record no. 2740)
[ view plain ]
| 000 -LEADER | |
|---|---|
| fixed length control field | 00398nam a2200157Ia 4500 |
| 008 - FIXED-LENGTH DATA ELEMENTS--GENERAL INFORMATION | |
| fixed length control field | 230312s9999||||xx |||||||||||||| ||und|| |
| 020 ## - INTERNATIONAL STANDARD BOOK NUMBER | |
| International Standard Book Number | 0-87113-346-6 |
| 082 ## - DEWEY DECIMAL CLASSIFICATION NUMBER | |
| Classification number | 155.633 |
| Item number | JOH |
| 100 ## - MAIN ENTRY--PERSONAL NAME | |
| Personal name | Johnshon, Karen |
| 245 #0 - TITLE STATEMENT | |
| Title | Trusting Ourselves |
| 260 ## - PUBLICATION, DISTRIBUTION, ETC. | |
| Name of publisher, distributor, etc. | The Atlantic monthly press |
| Place of publication, distribution, etc. | New york |
| Date of publication, distribution, etc. | 1990 |
| 300 ## - PHYSICAL DESCRIPTION | |
| Extent | 477 |
| 546 ## - LANGUAGE NOTE | |
| Language note | Eng. |
| 650 ## - SUBJECT ADDED ENTRY--TOPICAL TERM | |
| Topical term or geographic name entry element | Economics |
| Form subdivision | psychology of women |
| 942 ## - ADDED ENTRY ELEMENTS (KOHA) | |
| Koha item type | BOOK |
No items available.
